[Event "AUTO-INT-856"]
[Site "http://www.queenalice.com/game.php?id=382227"]
[Date "2008.4.4"]
[Round "1"]
[White "jyant"]
[Black "MrRonMosley"]
[Result "0-1"]
[WhiteElo "1350"]
[BlackElo "1571"]

1. c3 d5 2. e3 b6 3. d4 Nf6 4. Bd3 e6 5. Nd2 h6 6. Ngf3 Bd6 7. b4 Nc6 8. Qa4 O-O
9. Qxc6 Bd7 10. Qb7 c6 11. Qa6 b5 12. Qa3 a5 13. Qb2 a4 14. a3 Ng4 15. h3 Nf6
16. g4 g5 17. h4 Nxg4 18. hxg5 Kg7 19. Rh4 f5 20. gxh6+ Kg6 21. Nf1 Rh8 22. N1h2
Nxh2 23. Nxh2 Qxh4 24. Nf3 Qh1+ 25. Ke2 Rxh6 26. e4 Rh3 27. Nd2 fxe4 0-1

[Event "AUTO-INT-856"]
[Site "http://www.queenalice.com/game.php?id=382228"]
[Date "2008.4.4"]
[Round "1"]
[White "MrRonMosley"]
[Black "jyant"]
[Result "1-0"]
[WhiteElo "1652"]
[BlackElo "1474"]

1. d4 c6 2. g3 g6 3. Bg2 Bg7 4. Bf4 Na6 5. Nf3 Nf6 6. Ng5 h6 7. Ne4 Nd5 8. Na3
f5 9. Nc3 Nxf4 10. gxf4 d6 11. d5 Bd7 12. e3 e6 13. dxe6 Bxe6 14. Qd3 Nb4 15.
Qe2 Bxc3+ 16. bxc3 Nxa2 17. Rxa2 Bxa2 18. O-O g5 19. c4 d5 20. Rd1 O-O 21. c3
Qa5 22. Qxa2 Kh7 23. cxd5 Rfd8 24. d6 Qxc3 25. Qf7+ Qg7 26. Qxf5+ Kg8 27. Bd5+
cxd5 28. Qxd5+ Kh7 29. Kf1 b6 30. h3 gxf4 31. Qf5+ Qg6 32. Qxf4 Rd7 33. Nc4 Rg8
34. Ke2 Qc2+ 35. Rd2 Qg6 36. Ne5 Qh5+ 37. f3 Rg2+ 38. Kd1 Rxd2+ 39. Kxd2 Rxd6+
40. Nd3 Qa5+ 41. Ke2 Qa2+ 42. Kf1 Rg6 43. Qf5 Qg2+ 44. Ke1 Qg1+ 45. Kd2 Qg5 46.
Qd7+ Rg7 47. Qe8 Qg2+ 48. Kc3 Rc7+ 49. Kd4 Qg7+ 50. Ne5 Re7 51. Qb8 Rd7+ 52. Ke4
Rb7 53. Qd6 Re7 54. f4 Qg2+ 55. Kd3 Qf1+ 56. Kc3 Qc1+ 57. Kd4 Qd2+ 58. Nd3 Qxe3+
59. Kc3 Rg7 60. f5 Qxh3 61. Qd5 Rc7+ 62. Kd4 Qh4+ 63. Ke5 Qe7+ 64. Kf4 Qh4+ 65.
Kf3 Rg7 66. Nf4 Qg3+ 67. Ke4 Re7+ 68. Ne6 Qe1+ 69. Kf4 Qb4+ 70. Ke5 Qc3+ 71. Kd6
Qa3+ 72. Kc6 Qc3+ 73. Kd6 Qa3+ 74. Ke5 Qg3+ 75. Kf6 Qh4+ 76. Ke5 Qh2+ 77. Ke4
Qh4+ 78. Ke3 1-0

[Event "Challenge"]
[Site "http://www.queenalice.com/game.php?id=390368"]
[Date "2008.4.19"]
[Round "-"]
[White "jyant"]
[Black "whyBish"]
[Result "1-0"]
[WhiteElo "1343"]
[BlackElo "1972"]

1. b3 d5 2. Bb2 c5 3. e3 Bf5 4. g4 Bg6 5. f4 Be4 6. Nf3 Nc6 7. Bg2 e6 8. d3 Bxf3
9. Bxf3 Qh4+ 10. Ke2 O-O-O 11. h3 Qe7 12. h4 f6 13. e4 Qc7 14. f5 e5 15. exd5
Nd4+ 16. Bxd4 exd4 17. c3 Ne7 18. c4 g6 19. fxg6 hxg6 20. Nd2 f5 21. g5 Qf4 22.
Qf1 Rxh4 23. Rxh4 Qxh4 24. Qg2 Re8 25. Kf1 f4 26. Re1 Kd7 27. Ne4 1-0

[Event "AUTO-INT-880"]
[Site "http://www.queenalice.com/game.php?id=393931"]
[Date "2008.4.26"]
[Round "1"]
[White "rafaelalves"]
[Black "jyant"]
[Result "1-0"]
[WhiteElo "1507"]
[BlackElo "1412"]

1. d4 Nf6 2. e3 e6 3. Nf3 d5 4. Bb5+ c6 5. Bd3 b5 6. Ne5 Bd6 7. O-O Ne4 8. Bxe4
dxe4 9. Qh5 g6 10. Qg4 f5 11. Qh3 Bxe5 12. dxe5 O-O 13. Nd2 Nd7 14. f4 exf3 15.
Nxf3 c5 16. b3 Bb7 17. Ng5 Qxg5 18. e4 Qe7 19. exf5 exf5 20. Bb2 Nxe5 21. Rae1
Be4 22. Re2 Rae8 23. a4 b4 24. Rd1 Ng4 25. g3 Bf3 26. Rxe7 Bxd1 27. Qxh7# 1-0

[Event "AUTO-INT-880"]
[Site "http://www.queenalice.com/game.php?id=393932"]
[Date "2008.4.26"]
[Round "1"]
[White "jyant"]
[Black "rafaelalves"]
[Result "1-0"]
[WhiteElo "1406"]
[BlackElo "1550"]

1. e3 e5 2. Nc3 d5 3. d4 e4 4. f3 exf3 5. Nxf3 Bb4 6. Bd2 Nf6 7. Ne5 Bf5 8. a3
Bxc3 9. Bxc3 Ne4 10. Qf3 Qh4+ 11. g3 Qg5 12. Bd3 Nd7 13. Nxd7 Kxd7 14. O-O Bh3
15. Qxf7+ Qe7 16. Qxd5+ Kc8 17. Rf7 Nxc3 18. Bf5+ Bxf5 19. Qxf5+ Kd8 20. Rxe7
Kxe7 21. bxc3 c6 22. Rf1 Raf8 23. Qg5+ Ke8 24. Rxf8+ Rxf8 25. Qxg7 Rf3 26. Qe5+
Kf7 27. Qh5+ 1-0

[Event "#"]
[Site "http://www.queenalice.com/game.php?id=394821"]
[Date "2008.4.28"]
[Round "-"]
[White "jyant"]
[Black "CampbellMarcel"]
[Result "1-0"]
[WhiteElo "1428"]
[BlackElo "1461"]

1. e4 e6 2. Nc3 Bb4 3. Qf3 Nf6 4. a3 Ba5 5. b4 Bb6 6. a4 a6 7. a5 Ba7 8. d3 O-O
9. Qg3 Bd4 10. Ra3 Ne8 11. Nf3 Bxc3+ 12. Rxc3 Kh8 13. h4 Qf6 14. e5 Qg6 15. Rh3
Nc6 16. Ba3 b5 17. axb6 d6 18. Rxc6 cxb6 19. exd6 b5 20. Qxg6 fxg6 21. c4 Bd7
22. Rc5 Nxd6 23. Ne5 Rad8 24. Nxd7 Rxd7 25. g4 Nb7 26. Re5 bxc4 27. dxc4 Rfd8
28. Be2 Rd2 29. Rxe6 Ra2 30. Bc1 Rc2 31. Ba3 Nd6 32. Rhe3 h6 33. Rxg6 Nxc4 34.
Bxc4 Rxc4 35. Bb2 Rxb4 36. Bc3 Rb1+ 37. Ke2 Rd7 38. h5 Rb8 39. Be5 Rbd8 40.
Rxh6+ Kg8 41. Re6 Rd2+ 42. Kf3 Rf8+ 43. Bf4 g5 44. hxg6 a5 45. Ra3 1-0

[Event "AUTO-OPEN-1111"]
[Site "http://www.queenalice.com/game.php?id=394983"]
[Date "2008.4.28"]
[Round "1"]
[White "jaychess"]
[Black "jyant"]
[Result "1-0"]
[WhiteElo "1564"]
[BlackElo "1333"]

1. d4 g6 2. c4 c6 3. Nc3 e6 4. e4 f6 5. Bd3 Bg7 6. Be3 g5 7. Qh5+ Kf8 8. Nh3 h6
9. O-O-O b6 10. a3 Ne7 11. b4 a6 12. a4 Bb7 13. Kd2 a5 14. b5 cxb5 15. cxb5 f5
16. f3 f4 17. Bf2 d6 18. Ng1 Nd7 19. Qh3 e5 20. d5 Bc8 21. g3 Nf6 22. g4 Qc7 23.
Nge2 Bb7 24. Qg2 Kf7 25. Rc1 Rhd8 26. Na2 Kg6 27. Qh3 Nfg8 28. Rxc7 1-0

[Event "AUTO-OPEN-1111"]
[Site "http://www.queenalice.com/game.php?id=394984"]
[Date "2008.4.28"]
[Round "1"]
[White "jyant"]
[Black "jaychess"]
[Result "0-1"]
[WhiteElo "1356"]
[BlackElo "1611"]

1. e4 b6 2. d4 Bb7 3. Bd3 Nc6 4. Be3 d6 5. Nf3 Qd7 6. a4 a5 7. c3 e6 8. Qd2 Nge7
9. Bb5 O-O-O 10. b4 d5 11. e5 axb4 12. cxb4 Nf5 13. Nc3 Bxb4 14. Rb1 Ba5 15. Qc2
Qe7 16. g4 Nxe3 17. fxe3 Nb4 18. Qe2 Na2 19. Qxa2 Bxc3+ 20. Nd2 Qh4+ 21. Kf1
Qh3+ 22. Ke2 Qxg4+ 23. Kd3 Ba5 24. Rbg1 Qf5+ 25. Ke2 g5 26. h4 g4 27. Bd3 Qh5
28. Ke1 Rhg8 29. Rg3 Rdf8 30. Kf2 f6 31. Ke1 fxe5 32. dxe5 Qxe5 33. Rhg1 d4 34.
e4 Rf4 35. Kd1 Bxd2 36. Qxd2 Bxe4 37. Be2 h5 38. a5 Kb7 39. a6+ Ka7 40. Bb5 Bf3+
41. Be2 Bxe2+ 42. Qxe2 Qxe2+ 43. Kxe2 Kxa6 44. Ra1+ Kb7 45. Rga3 c5 46. Ra7+ Kc6
47. Rg1 Rgf8 48. Kd3 b5 49. Ra6+ Kd5 50. Rg3 b4 51. Rb6 e5 52. Rg6 Rf3+ 53. Rxf3
gxf3 54. Rg1 f2 55. Rf1 e4+ 56. Ke2 e3 57. Kd3 c4+ 58. Kc2 d3+ 59. Kc1 e2 60.
Rh1 f1=Q+ 0-1

[Event "AUTO-OPEN-1111"]
[Site "http://www.queenalice.com/game.php?id=394995"]
[Date "2008.4.28"]
[Round "1"]
[White "jyant"]
[Black "Osedvr"]
[Result "0-1"]
[WhiteElo "1474"]
[BlackElo "1683"]

1. e4 e5 2. Nf3 Nc6 3. Bc4 h6 4. Nc3 a6 5. a4 Bc5 6. Nd5 Nf6 7. Nxf6+ Qxf6 8.
O-O Qg6 9. Bd5 O-O 10. Nh4 Qf6 11. d3 Qxh4 12. Qf3 Nd4 13. Qd1 c6 14. Ba2 Qf6
15. c3 Ne6 16. b4 Bb6 17. a5 Ba7 18. Kh1 Qg6 19. Qf3 d6 20. Bd2 Bd7 21. Rae1 d5
22. exd5 cxd5 23. Bxd5 Bc6 24. Bxc6 bxc6 25. Qxc6 Qxd3 26. Rd1 Qg6 27. Be3 Bxe3
28. fxe3 Qg4 29. h3 Qg5 30. e4 f6 31. Qxe6+ Kh8 32. Rf5 Rae8 33. Qxa6 Qe3 34.
Qd3 Qa7 35. g4 Qa8 36. Kg2 Rd8 37. Qe2 Rxd1 38. Qxd1 Qxe4+ 0-1

[Event "AUTO-OPEN-1111"]
[Site "http://www.queenalice.com/game.php?id=394996"]
[Date "2008.4.28"]
[Round "1"]
[White "Osedvr"]
[Black "jyant"]
[Result "1-0"]
[WhiteElo "1724"]
[BlackElo "1410"]

1. e4 b6 2. d4 Bb7 3. Nc3 Nf6 4. Bd3 d5 5. e5 Nfd7 6. Nf3 e6 7. a3 a5 8. Ng5 h6
9. Nh3 f6 10. Qf3 Be7 11. Qh5+ Kf8 12. Nf4 Kg8 13. Bg6 Qf8 14. Nxe6 Qc8 15. Bf7+
1-0

[Event "jaychess"]
[Site "http://www.queenalice.com/game.php?id=412574"]
[Date "2008.6.3"]
[Round "2"]
[White "Red1"]
[Black "jyant"]
[Result "0-1"]
[WhiteElo "1327"]
[BlackElo "1445"]

1. d4 d5 2. c4 e6 3. f3 b6 4. Qa4+ c6 5. Qxc6+ Nxc6 6. e3 dxc4 7. Bxc4 Bb4+ 8.
Bd2 Bxd2+ 9. Kxd2 Nf6 10. Nc3 e5 0-1

[Event "QA-ANNIV-04"]
[Site "http://www.queenalice.com/game.php?id=418417"]
[Date "2008.6.16"]
[Round "1"]
[White "jyant"]
[Black "kinguly"]
[Result "0-1"]
[WhiteElo "1476"]
[BlackElo "1957"]

1. d4 d5 2. Nf3 Bf5 3. g3 Nc6 4. a3 e6 5. Bg2 Nf6 6. b3 h6 7. Bb2 Bd6 8. e3 O-O
9. O-O Re8 10. Nc3 a6 11. Qe2 Ne7 12. b4 Bg4 13. Qd1 Ne4 14. Qc1 f5 15. Re1 Ng6
16. h3 Bh5 0-1